MARC

LEADER 00000nam0a2200000 4500
001 40531
005 20231101210630.0
010 |a 5020319228 
035 |a (RuTPU)RU\TPU\book\41589 
090 |a 40531 
100 |a 20020518d2001 k y0rusy50 ca 
101 0 |a rus 
102 |a RU 
105 |a a z 001zy 
200 1 |a Фторсодержащие гетероциклические соединения: синтез и применение  |f Г. Г. Фурин  |g Новосибирский институт органической химии им. Н. Н. Ворожцова; Г. А. Толстиков 
210 |a Новосибирск  |c Наука  |d 2001 
215 |a 304 с.  |c ил. 
320 |a Библиогр.: с. 301-302. 
606 1 |a Гетероциклические соединения  |x Химия  |2 stltpush  |3 (RuTPU)RU\TPU\subj\6386  |9 34281 
610 1 |a органическая химия 
610 1 |a перфторалкильные соединения 
610 1 |a фторсодержащие соединения 
610 1 |a гетероциклы 
610 1 |a синтез 
610 1 |a применение 
610 1 |a карбонильная группа 
610 1 |a конденсация 
610 1 |a пестициды 
610 1 |a лекарственные препараты 
675 |a 547.7  |v 3 
700 1 |a Фурин  |b Г. Г.  |g Георгий Георгиевич 
702 1 |a Толстиков  |b Г. А.  |4 340 
712 0 2 |a Российская академия наук (РАН)  |b Сибирское отделение (СО)  |b Новосибирский институт органической химии им. Н. Н. Ворожцова (НИОХ)  |2 stltpush  |3 (RuTPU)RU\TPU\col\543 
801 1 |a RU  |b 63413507  |c 20020518  |g PSBO 
801 2 |a RU  |b 63413507  |c 20171006  |g PSBO 
942 |c BK